[Event "HUN-chT 2324"]
[Site "Hungary"]
[Date "2023.12.10"]
[Round "3.1"]
[White "Ostovic, Matija"]
[Black "Balogh, Csaba"]
[Result "0-1"]
[WhiteElo "2377"]
[BlackElo "2558"]
[PlyCount "118"]
[EventDate "2023.10.28"]
[EventType "team-tourn"]
[EventRounds "9"]
[EventCountry "HUN"]
[SourceTitle "CB16_2024"]
[SourceDate "2024.04.17"]
[SourceVersion "1"]
[SourceVersionDate "2024.04.17"]
[SourceQuality "1"]
[WhiteTeam "Tapolca Varos"]
[BlackTeam "Tungsram ANSK"]
[WhiteTeamCountry "HUN"]
[BlackTeamCountry "HUN"]

1. e4 c5 2. c3 d5 3. exd5 Qxd5 4. d4 Nf6 5. Nf3 e6 6. Na3 a6 7. Nc4 Nbd7 8. Be2 b5 9. Ne3 Qc6 10. Ne5 Qc7 11. Bf3 Bb7 12. Bxb7 Qxb7 13. Qf3 Qxf3 14. Nxf3 Bd6 15. Ke2 Ke7 16. b3 Rhc8 17. c4 Nb6 18. dxc5 Bxc5 19. cxb5 axb5 20. Bd2 Ne4 21. Rhc1 Nxd2 22. Nxd2 Bd4 23. Rxc8 Rxc8 24. Rb1 Bxe3 25. fxe3 Nd5 26. Ra1 Rc3 27. Nf1 Rc2+ 28. Kf3 Rb2 29. Ng3 Nb4 30. a4 Rxb3 31. axb5 Nd5 32. Ra7+ Kf6 33. Ne4+ Kg6 34. Nd6 Nxe3 35. Nxf7 Nf5+ 36. Kf4 Kf6 37. Nh8 e5+ 38. Ke4 Rb4+ 39. Kd3 e4+ 40. Kc3 Rxb5 41. Ra6+ Kg5 42. Nf7+ Kf4 43. Ra1 Ne3 44. Ra2 Rc5+ 45. Kb3 Ng4 46. Nd6 Rd5 47. Nc4 Nxh2 48. Rf2+ Kg3 49. Re2 Nf1 50. Kc3 e3 51. Re1 Rf5 52. Nd6 Rf2 53. Ne4+ Kxg2 54. Kd3 Ng3 55. Nxg3 Kxg3 56. Kxe3 h5 57. Rh1 h4 58. Rxh4 Kxh4 59. Kxf2 Kh3 0-1

[Event "AUT-chT 2324"]
[Site "Austria"]
[Date "2023.11.26"]
[Round "6.6"]
[White "Mikes, Jan"]
[Black "Balogh, Csaba"]
[Result "1/2-1/2"]
[WhiteElo "2347"]
[BlackElo "2557"]
[PlyCount "30"]
[EventDate "2023.11.22"]
[EventType "team-tourn"]
[EventRounds "11"]
[EventCountry "AUT"]
[SourceTitle "CB48_2023"]
[SourceDate "2023.11.29"]
[SourceVersion "1"]
[SourceVersionDate "2023.11.29"]
[SourceQuality "1"]
[WhiteTeam "Mistelbach"]
[BlackTeam "Linz"]
[WhiteTeamCountry "AUT"]
[BlackTeamCountry "AUT"]

1. e4 c5 2. Nf3 e6 3. d4 cxd4 4. Nxd4 a6 5. Bd3 Bc5 6. Nb3 Ba7 7. Qg4 Nf6 8. Qg3 d6 9. Nc3 Nc6 10. Bg5 h6 11. Bd2 Nh5 12. Qf3 Nf6 13. Qg3 Nh5 14. Qf3 Nf6 15. Qg3 Nh5 1/2-1/2

[Event "HUN-ch Rapid"]
[Site "Ajka"]
[Date "2023.07.23"]
[Round "12"]
[White "Antal, Gergely"]
[Black "Balogh, Csaba"]
[Result "0-1"]
[WhiteElo "2558"]
[BlackElo "2558"]
[PlyCount "128"]
[EventDate "2023.07.21"]
[EventType "swiss (rapid)"]
[EventRounds "13"]
[EventCountry "HUN"]
[SourceTitle "CBM 215 Extra"]
[Source "ChessBase"]
[SourceDate "2023.09.30"]
[SourceVersion "1"]
[SourceVersionDate "2023.09.30"]
[SourceQuality "1"]

1. e4 c5 2. Nf3 e6 3. c4 Nc6 4. d4 cxd4 5. Nxd4 Nf6 6. Nc3 Bb4 7. Nxc6 bxc6 8. Bd3 e5 9. 0-0 0-0 10. Bd2 Bc5 11. h3 d6 12. Qf3 Be6 13. Rfd1 Rb8 14. b3 Bd4 15. Rac1 a5 16. Be3 Nd7 17. Na4 c5 18. Qg3 f6 19. Nc3 Nb6 20. a4 Nc8 21. Nb5 Ne7 22. Kh1 Nc6 23. Be2 Rb7 24. Bg4 Bf7 25. Bd2 Kh8 26. f4 Re7 27. Re1 Rfe8 28. Bf3 exf4 29. Bxf4 Ne5 30. Rcd1 Qb6 31. Re2 Bg6 32. Red2 Re6 33. Re2 Nf7 34. Qe1 Ng5 35. Bxg5 fxg5 36. Qg3 h6 37. Qe1 Be5 38. Bg4 Rf6 39. Qd2 Ref8 40. Bf3 Kh7 41. Qd3 Rf4 42. Ree1 h5 43. Rf1 Qd8 44. Nxd6 Qxd6 45. Qxd6 Bxd6 46. Rxd6 g4 47. hxg4 hxg4 48. Rf2 gxf3 49. gxf3 Bh5 50. Rd5 Bxf3+ 51. Kh2 Bxe4 52. Rxf4 Rxf4 53. Rxc5 Rf3 54. Re5 Bc2 55. Rxa5 Bxb3 56. c5 Rc3 57. Kg2 Rc4 58. Kf3 Rxa4 59. Rb5 Bd5+ 60. Ke3 Re4+ 61. Kd2 Bc6 62. Rb6 Re6 63. Kd3 g5 64. Kd4 Kg6 0-1

[Event "HUN-ch Rapid"]
[Site "Ajka"]
[Date "2023.07.22"]
[Round "9"]
[White "Balogh, Csaba"]
[Black "Bagi, Mate"]
[Result "1/2-1/2"]
[WhiteElo "2558"]
[BlackElo "2446"]
[PlyCount "69"]
[EventDate "2023.07.21"]
[EventType "swiss (rapid)"]
[EventRounds "13"]
[EventCountry "HUN"]
[SourceTitle "CBM 215 Extra"]
[Source "ChessBase"]
[SourceDate "2023.09.30"]
[SourceVersion "1"]
[SourceVersionDate "2023.09.30"]
[SourceQuality "1"]

1. e4 e5 2. Nf3 Nc6 3. Bb5 a6 4. Ba4 Nf6 5. 0-0 Be7 6. d3 b5 7. Bb3 d6 8. Bd2 0-0 9. h3 a5 10. a3 a4 11. Ba2 Be6 12. Nc3 Rb8 13. Nd5 Bxd5 14. exd5 Nd4 15. Nxd4 exd4 16. Re1 Nd7 17. Qg4 Bf6 18. Re2 Re8 19. Rxe8+ Qxe8 20. Re1 Ne5 21. Qe4 Qd7 22. Kf1 h5 23. Re2 h4 24. Be1 Ng6 25. Qg4 Qxg4 26. hxg4 Nf4 27. Re4 g5 28. g3 Ng6 29. gxh4 Nxh4 30. f4 gxf4 31. Rxf4 Be5 32. Re4 Nf3 33. Ba5 Ra8 34. Bb4 Kg7 35. Kg2 1/2-1/2

[Event "HUN-ch Rapid"]
[Site "Ajka"]
[Date "2023.07.22"]
[Round "8"]
[White "Medvegy, Zoltan"]
[Black "Balogh, Csaba"]
[Result "1/2-1/2"]
[WhiteElo "2511"]
[BlackElo "2558"]
[PlyCount "36"]
[EventDate "2023.07.21"]
[EventType "swiss (rapid)"]
[EventRounds "13"]
[EventCountry "HUN"]
[SourceTitle "CBM 215 Extra"]
[Source "ChessBase"]
[SourceDate "2023.09.30"]
[SourceVersion "1"]
[SourceVersionDate "2023.09.30"]
[SourceQuality "1"]

1. d4 d5 2. c4 c6 3. Nc3 Nf6 4. e3 Bf5 5. cxd5 cxd5 6. Qb3 Nc6 7. Qxb7 Bd7 8. Qb3 Rb8 9. Qd1 e5 10. Nf3 Bd6 11. dxe5 Nxe5 12. Be2 0-0 13. 0-0 Nxf3+ 14. Bxf3 Qc7 15. h3 Bh2+ 16. Kh1 Be5 17. Nxd5 Nxd5 18. Bxd5 Rfd8 1/2-1/2

[Event "HUN-ch Rapid"]
[Site "Ajka"]
[Date "2023.07.21"]
[Round "3"]
[White "Balogh, Csaba"]
[Black "Hoolt, Sarah"]
[Result "1-0"]
[WhiteElo "2558"]
[BlackElo "2285"]
[PlyCount "109"]
[EventDate "2023.07.21"]
[EventType "swiss (rapid)"]
[EventRounds "13"]
[EventCountry "HUN"]
[SourceTitle "CBM 215 Extra"]
[Source "ChessBase"]
[SourceDate "2023.09.30"]
[SourceVersion "1"]
[SourceVersionDate "2023.09.30"]
[SourceQuality "1"]

1. e4 e6 2. d4 d5 3. Nd2 Be7 4. c3 c5 5. dxc5 Nf6 6. exd5 Qxd5 7. b4 a5 8. Ngf3 Nc6 9. Bc4 Qh5 10. Rb1 0-0 11. 0-0 axb4 12. cxb4 e5 13. Bb2 Bf5 14. Nxe5 Nxb4 15. Qxh5 Nxh5 16. Rbe1 Bf6 17. Ne4 Nf4 18. Re3 Be7 19. Nd6 Be6 20. Bxe6 fxe6 21. Rb3 Na6 22. Rxb7 Bxd6 23. cxd6 Nc5 24. Rc7 Ne4 25. f3 Nxd6 26. a3 Rfb8 27. Rf2 Nb5 28. Rc4 Nd5 29. a4 Nd6 30. Rc6 Rb6 31. Rfc2 h6 32. Rxb6 Nxb6 33. Rc6 Nxa4 34. Rxd6 Nxb2 35. Rxe6 Nd1 36. h4 h5 37. Nd3 Ra4 38. g3 Ra3 39. Rd6 Ne3 40. Nf4 Nf5 41. Rd5 Nxg3 42. Kg2 Nh1 43. Kxh1 Rxf3 44. Ng2 g6 45. Kh2 Ra3 46. Rg5 Kh7 47. Nf4 Ra2+ 48. Kg3 Ra3+ 49. Kg2 Ra2+ 50. Kf3 Ra3+ 51. Ke4 Ra4+ 52. Ke5 Ra5+ 53. Kf6 Ra6+ 54. Ne6 Rb6 55. Ra5 1-0

[Event "HUN-ch Rapid"]
[Site "Ajka"]
[Date "2023.07.21"]
[Round "1"]
[White "Balogh, Csaba"]
[Black "Simonics, Peter"]
[Result "1-0"]
[WhiteElo "2558"]
[BlackElo "2119"]
[PlyCount "69"]
[EventDate "2023.07.21"]
[EventType "swiss (rapid)"]
[EventRounds "13"]
[EventCountry "HUN"]
[SourceTitle "CBM 215 Extra"]
[Source "ChessBase"]
[SourceDate "2023.09.30"]
[SourceVersion "1"]
[SourceVersionDate "2023.09.30"]
[SourceQuality "1"]

1. e4 c5 2. Nf3 d6 3. Nc3 Nf6 4. d4 cxd4 5. Qxd4 Nc6 6. Bb5 Bd7 7. Bxc6 Bxc6 8. Bg5 e6 9. 0-0-0 Be7 10. Qd3 Qc7 11. h4 h6 12. Bxf6 Bxf6 13. Nd4 d5 14. exd5 Rd8 15. Nxc6 bxc6 16. d6 Qb7 17. Qc4 0-0 18. Rd3 Rb8 19. b3 Qb6 20. Ne4 Be5 21. Rhd1 Qa5 22. Kb1 Rb4 23. Qxc6 Rb6 24. Qc5 Rb5 25. Qc7 Qa3 26. Rd4 Rd5 27. Qc4 Rd8 28. f4 Bxd4 29. Rxd4 Ra5 30. b4 Rd5 31. c3 a5 32. b5 Rxd4 33. Qxd4 f5 34. Nc5 Kh7 35. Nxe6 1-0

[Event "HUN-chT 2223"]
[Site "Hungary"]
[Date "2023.04.23"]
[Round "9.3"]
[White "Bokros, Albert"]
[Black "Balogh, Csaba"]
[Result "1/2-1/2"]
[WhiteElo "2456"]
[BlackElo "1469"]
[PlyCount "61"]
[EventDate "2022.11.20"]
[EventType "team-tourn"]
[EventRounds "9"]
[EventCountry "HUN"]
[SourceTitle "EXT 2024"]
[Source "ChessBase"]
[SourceDate "2023.10.10"]
[SourceVersion "1"]
[SourceVersionDate "2023.10.10"]
[SourceQuality "1"]
[WhiteTeam "Biatorbagy"]
[BlackTeam "Aquaprofit"]
[WhiteTeamCountry "HUN"]
[BlackTeamCountry "HUN"]

1. e4 c5 2. Nf3 e6 3. d3 Nc6 4. g3 d5 5. Qe2 Be7 6. Bg2 Nf6 7. 0-0 0-0 8. e5 Nd7 9. c4 Rb8 10. Re1 b5 11. cxd5 exd5 12. Nc3 Nb6 13. Nxb5 Bf5 14. Bf4 Na4 15. Nd6 Bg4 16. Qc2 Qa5 17. b3 Bxf3 18. bxa4 Nd4 19. Qc1 Bxg2 20. Kxg2 Qxa4 21. Qxc5 Ne6 22. Qxd5 Qxf4 23. Qxe6 Qxf2+ 24. Kxf2 fxe6+ 25. Ke3 Bxd6 26. exd6 Rbd8 27. Rac1 Rxd6 28. Rc7 Rf7 29. Rc8+ Rf8 30. Rc7 Rf7 31. Rc8+ 1/2-1/2

[Event "HUN-chT 2223"]
[Site "Hungary"]
[Date "2023.04.22"]
[Round "8.3"]
[White "Balogh, Csaba"]
[Black "Parligras, Mircea Emilian"]
[Result "1/2-1/2"]
[WhiteElo "1469"]
[BlackElo "2567"]
[PlyCount "65"]
[EventDate "2022.11.20"]
[EventType "team-tourn"]
[EventRounds "9"]
[EventCountry "HUN"]
[SourceTitle "EXT 2024"]
[Source "ChessBase"]
[SourceDate "2023.10.10"]
[SourceVersion "1"]
[SourceVersionDate "2023.10.10"]
[SourceQuality "1"]
[WhiteTeam "Aquaprofit"]
[BlackTeam "Paks"]
[WhiteTeamCountry "HUN"]
[BlackTeamCountry "HUN"]

1. e4 e5 2. Nf3 Nc6 3. Bb5 Nf6 4. 0-0 Nxe4 5. Re1 Nd6 6. Nxe5 Nxe5 7. Rxe5+ Be7 8. Bf1 0-0 9. Nc3 Ne8 10. Nd5 Bd6 11. Re1 c6 12. Ne3 Be7 13. c4 Nc7 14. d4 d5 15. cxd5 Bb4 16. Bd2 Bxd2 17. Qxd2 Nxd5 18. Nxd5 Qxd5 19. Re5 Qd6 20. Bc4 Bd7 21. Rae1 Rae8 22. Qc3 Rxe5 23. dxe5 Qe7 24. a3 Be6 25. Bxe6 Qxe6 26. h3 f6 27. exf6 Qxf6 28. Qxf6 Rxf6 29. Re7 Rf7 30. Re8+ Rf8 31. Re7 Rf7 32. Re8+ Rf8 33. Re7 1/2-1/2

[Event "AUT-chT 2223"]
[Site "Austria"]
[Date "2023.04.14"]
[Round "10.6"]
[White "Balogh, Csaba"]
[Black "Neyman, Igor"]
[Result "1/2-1/2"]
[WhiteElo "2567"]
[BlackElo "2366"]
[PlyCount "104"]
[EventDate "2022.11.03"]
[EventType "team-tourn"]
[EventRounds "11"]
[EventCountry "AUT"]
[SourceTitle "EXT 2024"]
[Source "ChessBase"]
[SourceDate "2023.10.10"]
[SourceVersion "1"]
[SourceVersionDate "2023.10.10"]
[SourceQuality "1"]
[WhiteTeam "Linz"]
[BlackTeam "Goetzis"]
[WhiteTeamCountry "AUT"]
[BlackTeamCountry "AUT"]

1. e4 c5 2. Nf3 e6 3. g3 d5 4. exd5 exd5 5. d4 cxd4 6. Nxd4 Nc6 7. Bg2 Bc5 8. Nb3 Qe7+ 9. Qe2 Bb6 10. Be3 Bxe3 11. Qxe3 Qxe3+ 12. fxe3 Nf6 13. Nc3 Be6 14. 0-0-0 0-0-0 15. Nd4 Rhe8 16. Rhf1 Bg4 17. Nxc6 bxc6 18. Rd4 Bh5 19. g4 Bg6 20. g5 Ng8 21. e4 dxe4 22. Rc4 f5 23. gxf6 Nxf6 24. Rxc6+ Kb8 25. Rc4 Rd6 26. Re1 e3 27. Bf3 Rd2 28. Re2 Rxe2 29. Bxe2 Re5 30. Kd1 Rg5 31. Bf3 Bh5 32. Bxh5 Rxh5 33. h4 g5 34. hxg5 Rxg5 35. Rf4 Rg1+ 36. Ke2 Ng4 37. Rf8+ Kb7 38. Rf7+ Kb8 39. Rxh7 Rc1 40. Kd3 Nf2+ 41. Kxe3 Rxc2 42. Na4 Nd1+ 43. Kd4 Nxb2 44. Nc5 Rg2 45. Rb7+ Ka8 46. Re7 Rg8 47. Re2 Rd8+ 48. Kc3 Rc8 49. Kb4 Rb8+ 50. Kc3 Rc8 51. Kb4 Rb8+ 52. Kc3 Rc8 1/2-1/2

[Event "HUN-chT 2223"]
[Site "Hungary"]
[Date "2022.12.18"]
[Round "3.2"]
[White "Balogh, Csaba"]
[Black "Banusz, Tamas"]
[Result "1/2-1/2"]
[WhiteElo "1469"]
[BlackElo "2609"]
[PlyCount "60"]
[EventDate "2022.11.20"]
[EventType "team-tourn"]
[EventRounds "9"]
[EventCountry "HUN"]
[SourceTitle "CBM 213 Extra"]
[Source "ChessBase"]
[SourceDate "2023.05.31"]
[SourceVersion "1"]
[SourceVersionDate "2023.05.31"]
[SourceQuality "1"]
[WhiteTeam "Aquaprofit"]
[BlackTeam "Ajka Sentimento"]
[WhiteTeamCountry "HUN"]
[BlackTeamCountry "HUN"]

1. e4 e5 2. Nf3 Nc6 3. Bb5 a6 4. Ba4 Nf6 5. 0-0 Be7 6. Re1 b5 7. Bb3 d6 8. c3 0-0 9. h3 Re8 10. d4 Bb7 11. Nbd2 Bf8 12. a4 h6 13. Bc2 exd4 14. cxd4 Nb4 15. Bb1 c5 16. d5 Nd7 17. Ra3 c4 18. Nd4 Qf6 19. N2f3 Nc5 20. b3 Nbd3 21. Bxd3 Nxd3 22. Re3 Qg6 23. bxc4 bxc4 24. Nh4 Qf6 25. Nhf3 Qg6 26. Nh4 Qf6 27. Nhf3 Qg6 28. Nh4 Qf6 29. Nhf3 Qg6 30. Nh4 Qf6 1/2-1/2

[Event "SVK-chT 2223"]
[Site "Slovakia"]
[Date "2022.12.10"]
[Round "3.4"]
[White "Balogh, Csaba"]
[Black "Szegi, Tamas"]
[Result "1-0"]
[WhiteElo "2583"]
[BlackElo "2216"]
[PlyCount "81"]
[EventDate "2022.10.22"]
[EventType "team-tourn"]
[EventRounds "11"]
[EventCountry "SVK"]
[SourceTitle "EXT 2024"]
[Source "ChessBase"]
[SourceDate "2023.10.10"]
[SourceVersion "1"]
[SourceVersionDate "2023.10.10"]
[SourceQuality "1"]
[WhiteTeam "Modra"]
[BlackTeam "Komarno"]
[WhiteTeamCountry "SVK"]
[BlackTeamCountry "SVK"]

1. e4 c5 2. Nf3 e6 3. g3 Nc6 4. Bg2 d6 5. 0-0 g6 6. d4 cxd4 7. Nxd4 a6 8. Nxc6 bxc6 9. Qd4 e5 10. Qa4 Qc7 11. Nd2 Be7 12. Nc4 Nf6 13. Bh6 Bg4 14. Rfe1 Nd7 15. h4 Be6 16. Qa5 Qb8 17. Qc3 Ra7 18. Rad1 f6 19. Be3 Rb7 20. Qd3 0-0 21. b3 Rd8 22. Na5 Rc7 23. Qxa6 Qb5 24. Qxb5 cxb5 25. Bf1 Ra8 26. b4 Rb8 27. a3 f5 28. f3 f4 29. gxf4 Bxh4 30. Re2 exf4 31. Bxf4 Ne5 32. Rxd6 Nxf3+ 33. Kg2 Bg4 34. Rd3 Ne1+ 35. Rxe1 Rxc2+ 36. Kh1 Rf8 37. Bg3 Bg5 38. Nb3 h5 39. Nd4 Ra2 40. Be2 Bc8 41. Nf3 1-0

[Event "HUN-chT 2223"]
[Site "Hungary"]
[Date "2022.11.20"]
[Round "1.2"]
[White "Erdos, Viktor"]
[Black "Balogh, Csaba"]
[Result "1/2-1/2"]
[WhiteElo "2591"]
[BlackElo "1469"]
[PlyCount "44"]
[EventDate "2022.11.20"]
[EventType "team-tourn"]
[EventRounds "9"]
[EventCountry "HUN"]
[SourceTitle "CBM 211 Extra"]
[Source "ChessBase"]
[SourceDate "2023.01.31"]
[SourceVersion "1"]
[SourceVersionDate "2023.01.31"]
[SourceQuality "1"]
[WhiteTeam "Kobanya Aquarena"]
[BlackTeam "Aquaprofit"]
[WhiteTeamCountry "HUN"]
[BlackTeamCountry "HUN"]

1. d4 d5 2. c4 c6 3. Nf3 Nf6 4. e3 g6 5. Nc3 Bg7 6. Bd3 0-0 7. 0-0 Bg4 8. h3 Bxf3 9. Qxf3 e6 10. b3 Nbd7 11. Bb2 Re8 12. Rfd1 Qe7 13. Bf1 a6 14. Rac1 Rac8 15. Rc2 Qd6 16. g3 h5 17. Bg2 Rcd8 18. Qe2 Qe7 19. Rcd2 Qb4 20. Rc2 Qe7 21. Rcd2 Qb4 22. Rc2 Qe7 1/2-1/2

[Event "SVK-chT 2223"]
[Site "Slovakia"]
[Date "2022.10.23"]
[Round "2.2"]
[White "Istona, Martin"]
[Black "Balogh, Csaba"]
[Result "1/2-1/2"]
[WhiteElo "2217"]
[BlackElo "2583"]
[PlyCount "103"]
[EventDate "2022.10.22"]
[EventType "team-tourn"]
[EventRounds "11"]
[EventCountry "SVK"]
[SourceTitle "EXT 2024"]
[Source "ChessBase"]
[SourceDate "2023.10.10"]
[SourceVersion "1"]
[SourceVersionDate "2023.10.10"]
[SourceQuality "1"]
[WhiteTeam "Osuske"]
[BlackTeam "Modra"]
[WhiteTeamCountry "SVK"]
[BlackTeamCountry "SVK"]

1. e4 c5 2. Nf3 e6 3. d4 cxd4 4. Nxd4 Nc6 5. Nc3 a6 6. Nxc6 bxc6 7. Bd3 d5 8. 0-0 Nf6 9. Re1 Be7 10. e5 Nd7 11. Qg4 Kf8 12. Qh5 c5 13. b3 Bb7 14. Na4 Nb6 15. Nxb6 Qxb6 16. c4 d4 17. Bd2 a5 18. Be4 h6 19. h4 Ra7 20. Rab1 Bc6 21. Qf3 Bxe4 22. Rxe4 Qc6 23. Qd3 g6 24. h5 gxh5 25. Rbe1 h4 26. Qh3 h5 27. f4 Rg8 28. Qf3 a4 29. f5 exf5 30. Qxf5 Qe6 31. Qxh5 axb3 32. axb3 Ra2 33. R1e2 Ke8 34. Rf2 Ra1+ 35. Rf1 Ra2 36. Rf2 Qg6 37. Qf3 h3 38. g4 Ra3 39. Rf4 Bh4 40. Rf1 Qe6 41. Kh1 Ra7 42. Rf5 Bd8 43. b4 Ra2 44. Be1 Rg2 45. Rxf7 R2xg4 46. Rf8+ Rxf8 47. Qxf8+ Kd7 48. Qxc5 Bc7 49. Qb5+ Ke7 50. Qc5+ Kd7 51. Qb5+ Ke7 52. Qc5+ 1/2-1/2

[Event "SVK-chT 2223"]
[Site "Slovakia"]
[Date "2022.10.22"]
[Round "1.2"]
[White "Balogh, Csaba"]
[Black "Kusa, Jakub"]
[Result "1-0"]
[WhiteElo "2583"]
[BlackElo "2360"]
[PlyCount "99"]
[EventDate "2022.10.22"]
[EventType "team-tourn"]
[EventRounds "11"]
[EventCountry "SVK"]
[SourceTitle "EXT 2024"]
[Source "ChessBase"]
[SourceDate "2023.10.10"]
[SourceVersion "1"]
[SourceVersionDate "2023.10.10"]
[SourceQuality "1"]
[WhiteTeam "Modra"]
[BlackTeam "Dubnica nad Vahom"]
[WhiteTeamCountry "SVK"]
[BlackTeamCountry "SVK"]

1. e4 e5 2. Nf3 Nc6 3. Bb5 a6 4. Ba4 Nf6 5. Nc3 b5 6. Bb3 Bc5 7. d3 d6 8. Nd5 h6 9. c3 0-0 10. Nxf6+ Qxf6 11. Bd5 Bd7 12. Rg1 Qg6 13. g4 Rae8 14. g5 Qh5 15. gxh6 g6 16. Rg5 Qxh6 17. Rxe5 Qg7 18. Rxe8 Rxe8 19. d4 Bb6 20. Ng5 Nd8 21. Be3 Ne6 22. Nxe6 Bxe6 23. Bxe6 Rxe6 24. Qg4 b4 25. Kf1 Re8 26. Re1 bxc3 27. bxc3 Ba5 28. Bd2 Qf6 29. Re3 c5 30. d5 Rb8 31. Rf3 Qe5 32. Qf4 Rb1+ 33. Kg2 Qe7 34. h4 f5 35. Rg3 Qxe4+ 36. Qxe4 fxe4 37. Rxg6+ Kf7 38. Rxd6 Rb2 39. Be3 Bxc3 40. Rxa6 Bd4 41. Kg3 Bxe3 42. fxe3 Rd2 43. Ra4 Ke7 44. Kf4 Rxd5 45. Kxe4 Rh5 46. Kd3 Kd6 47. Rg4 Rh8 48. a4 Kd5 49. Rg5+ Kd6 50. h5 1-0

[Event "CRO-chT1A 30th"]
[Site "Porec"]
[Date "2022.09.26"]
[Round "3.1"]
[White "Leventic, Ivan"]
[Black "Balogh, Csaba"]
[Result "0-1"]
[WhiteElo "2384"]
[BlackElo "2583"]
[PlyCount "50"]
[EventDate "2022.09.24"]
[EventType "team-tourn"]
[EventRounds "9"]
[EventCountry "CRO"]
[SourceTitle "CBM 210 Extra"]
[Source "ChessBase"]
[SourceDate "2022.11.30"]
[SourceVersion "1"]
[SourceVersionDate "2022.11.30"]
[SourceQuality "1"]
[WhiteTeam "Osijek Ferit"]
[BlackTeam "Rijeka Liburnija"]
[WhiteTeamCountry "CRO"]
[BlackTeamCountry "CRO"]

1. e4 c5 2. Nf3 e6 3. c4 Nc6 4. Nc3 Nd4 5. Bd3 Ne7 6. Nxd4 cxd4 7. Ne2 Nc6 8. Bc2 a6 9. 0-0 b5 10. Bb3 d3 11. Nf4 Ne5 12. cxb5 axb5 13. Qh5 Qf6 14. Nh3 g6 15. Qd1 g5 16. f4 Bc5+ 17. Kh1 gxf4 18. Nxf4 Qg5 19. Qh5 Qxh5 20. Nxh5 Bb7 21. Bd1 Ke7 22. Bf3 Rhg8 23. b4 Bd4 24. Rb1 Rxa2 25. Rb3 Ra1 0-1

[Event "SVK-chT 2122"]
[Site "Slovakia"]
[Date "2022.03.13"]
[Round "6.2"]
[White "Piesik, Piotr"]
[Black "Balogh, Csaba"]
[Result "1/2-1/2"]
[WhiteElo "2389"]
[BlackElo "2577"]
[PlyCount "28"]
[EventDate "2021.10.23"]
[EventType "team-tourn"]
[EventRounds "11"]
[EventCountry "SVK"]
[SourceTitle "EXT 2023"]
[Source "ChessBase"]
[SourceDate "2022.10.05"]
[SourceVersion "1"]
[SourceVersionDate "2022.10.05"]
[SourceQuality "1"]
[WhiteTeam "Dubnica nad Vahom"]
[BlackTeam "Modra"]
[WhiteTeamCountry "SVK"]
[BlackTeamCountry "SVK"]

1. e4 c5 2. Nf3 e6 3. c3 d5 4. exd5 Qxd5 5. d4 Nf6 6. Be2 Nc6 7. 0-0 Be7 8. dxc5 Qxc5 9. Nbd2 0-0 10. Nb3 Qb6 11. Bf4 Rd8 12. Qc2 Bd7 13. a4 a5 14. Nfd2 Nd5 1/2-1/2

[Event "SVK-chT 2122"]
[Site "Slovakia"]
[Date "2022.02.20"]
[Round "4.3"]
[White "Balogh, Csaba"]
[Black "Mikrut, Dariusz"]
[Result "1-0"]
[WhiteElo "2577"]
[BlackElo "2379"]
[PlyCount "129"]
[EventDate "2021.10.23"]
[EventType "team-tourn"]
[EventRounds "11"]
[EventCountry "SVK"]
[SourceTitle "EXT 2023"]
[Source "ChessBase"]
[SourceDate "2022.10.05"]
[SourceVersion "1"]
[SourceVersionDate "2022.10.05"]
[SourceQuality "1"]
[WhiteTeam "Modra"]
[BlackTeam "Prakovce"]
[WhiteTeamCountry "SVK"]
[BlackTeamCountry "SVK"]

1. e4 c5 2. Nf3 d6 3. Bb5+ Nd7 4. c3 Ngf6 5. Qe2 a6 6. Ba4 e6 7. 0-0 Be7 8. d4 b5 9. Bc2 Bb7 10. Re1 Rc8 11. Bd3 Nb6 12. Nbd2 cxd4 13. cxd4 Nfd7 14. Nf1 e5 15. Ng3 0-0 16. Nf5 Re8 17. Nxe7+ Qxe7 18. Bg5 f6 19. Bd2 d5 20. exd5 Bxd5 21. dxe5 Qf7 22. Bf5 Be6 23. Bxe6 Rxe6 24. Qd3 Nxe5 25. Nxe5 Rxe5 26. Rxe5 fxe5 27. Bc3 Re8 28. b3 Nd5 29. Bd2 Nf6 30. h3 Qe7 31. Rc1 Rd8 32. Qe2 Re8 33. a4 Qd7 34. Bg5 bxa4 35. Qc4+ Qe6 36. bxa4 Qxc4 37. Rxc4 Re6 38. Rc7 h6 39. Bd2 Ne4 40. Be3 Nf6 41. Ra7 Nd5 42. Bd2 Rb6 43. Kf1 Nf4 44. Bxf4 exf4 45. Ke2 Rb2+ 46. Kf3 Rb3+ 47. Kxf4 Rb4+ 48. Kf5 Kh7 49. Rxa6 Rb2 50. f4 Rxg2 51. Rd6 Rh2 52. Rd3 Ra2 53. Rd4 Rh2 54. a5 Rxh3 55. Ra4 Re3 56. a6 Re8 57. a7 Ra8 58. Ke6 Kg6 59. f5+ Kg5 60. Ra5 Kg4 61. Kf7 h5 62. Kxg7 Rxa7+ 63. Rxa7 Kxf5 64. Kh6 h4 65. Ra4 1-0

[Event "HUN-chT 2122"]
[Site "Hungary"]
[Date "2022.02.13"]
[Round "6.2"]
[White "Balogh, Csaba"]
[Black "Hera, Imre Jr"]
[Result "1/2-1/2"]
[WhiteElo "2574"]
[BlackElo "2579"]
[PlyCount "61"]
[EventDate "2021.10.10"]
[EventType "team-tourn"]
[EventRounds "9"]
[EventCountry "HUN"]
[SourceTitle "EXT 2024"]
[Source "ChessBase"]
[SourceDate "2023.10.10"]
[SourceVersion "1"]
[SourceVersionDate "2023.10.10"]
[SourceQuality "1"]
[WhiteTeam "Tungsram ANSK"]
[BlackTeam "Haladas"]
[WhiteTeamCountry "HUN"]
[BlackTeamCountry "HUN"]

1. e4 e5 2. Nf3 Nc6 3. Bb5 a6 4. Ba4 Nf6 5. 0-0 Nxe4 6. d4 Be7 7. Re1 b5 8. Rxe4 d5 9. Nxe5 Nxe5 10. Bxb5+ axb5 11. Rxe5 0-0 12. Bf4 g5 13. Bc1 f5 14. Re1 Bd6 15. Qh5 f4 16. Nd2 Bf5 17. Nf3 Bg6 18. Qxg5 Qxg5 19. Nxg5 Bxc2 20. Bd2 Ra4 21. Ne6 Re8 22. a3 Bf5 23. b3 Raa8 24. Nxf4 Rxe1+ 25. Rxe1 Rxa3 26. Nxd5 Rxb3 27. Ne7+ Bxe7 28. Rxe7 Rd3 29. g4 Bxg4 30. Bh6 Bh3 31. f3 1/2-1/2

[Event "HUN-chT 2122"]
[Site "Hungary"]
[Date "2021.12.05"]
[Round "3.3"]
[White "Balogh, Csaba"]
[Black "Nenezic, Marko"]
[Result "1-0"]
[WhiteElo "2578"]
[BlackElo "2522"]
[PlyCount "111"]
[EventDate "2021.10.10"]
[EventType "team-tourn"]
[EventRounds "9"]
[EventCountry "HUN"]
[SourceTitle "EXT 2023"]
[Source "ChessBase"]
[SourceDate "2022.10.05"]
[SourceVersion "1"]
[SourceVersionDate "2022.10.05"]
[SourceQuality "1"]
[WhiteTeam "Tungsram ANSK"]
[BlackTeam "Kobanya Aquarena"]
[WhiteTeamCountry "HUN"]
[BlackTeamCountry "HUN"]

1. e4 c5 2. Nf3 d6 3. d4 cxd4 4. Nxd4 Nf6 5. Nc3 a6 6. g3 e5 7. Nde2 Nbd7 8. a4 b6 9. Nd5 Nxd5 10. Qxd5 Rb8 11. Nc3 Bb7 12. Qd1 Be7 13. Bc4 0-0 14. Qe2 Ra8 15. 0-0 Nf6 16. Rd1 h6 17. Nd5 Nxd5 18. Bxd5 Qc7 19. c4 Bxd5 20. Rxd5 f5 21. exf5 Rxf5 22. Qg4 Rf6 23. Be3 Qc6 24. b3 Rb8 25. Qe4 Bd8 26. Rad1 Bc7 27. h4 Rbf8 28. Kg2 Qa8 29. R1d2 Kh8 30. Kh2 Kg8 31. Kg1 Kh8 32. b4 Re8 33. c5 bxc5 34. bxc5 dxc5 35. Qg4 Ba5 36. Rd7 Rg8 37. R2d5 Qe8 38. Bxc5 Bb6 39. Bxb6 Rxb6 40. Qe4 Re6 41. R7d6 Rf8 42. Rxe6 Qxe6 43. Qxe5 Qb6 44. Qd4 Qb1+ 45. Kg2 Qb7 46. Qe4 Qb6 47. Rd2 a5 48. Rc2 Qb4 49. Qxb4 axb4 50. Rb2 Rb8 51. Rb3 Kg8 52. Kf3 Kf7 53. Ke4 Ke6 54. Kd4 Rd8+ 55. Kc4 Rd2 56. Re3+ 1-0